<?xml version="1.0" encoding="UTF-8"?>
<record
    xmlns:xsi="http://www.w3.org/2001/XMLSchema-instance"
    xsi:schemaLocation="http://www.loc.gov/MARC21/slim http://www.loc.gov/standards/marcxml/schema/MARC21slim.xsd"
    xmlns="http://www.loc.gov/MARC21/slim">

  <leader>00391nam a22001337a 4500</leader>
  <controlfield tag="003">NUST</controlfield>
  <controlfield tag="005">20221007094055.0</controlfield>
  <datafield tag="082" ind1=" " ind2=" ">
    <subfield code="a">823.912, QAY</subfield>
  </datafield>
  <datafield tag="100" ind1=" " ind2=" ">
    <subfield code="a">Qayoom, Maj Gen (R) Main Abdul  </subfield>
    <subfield code="9">99432</subfield>
  </datafield>
  <datafield tag="245" ind1=" " ind2=" ">
    <subfield code="a">Belated Swan Song: </subfield>
    <subfield code="b">A Military Biography /</subfield>
    <subfield code="c">Maj Gen (R) Main Abdul Qayoom, HI (M)</subfield>
  </datafield>
  <datafield tag="260" ind1=" " ind2=" ">
    <subfield code="a">Pakistan </subfield>
    <subfield code="b">Creative Plus Pub </subfield>
    <subfield code="c">2022</subfield>
  </datafield>
  <datafield tag="300" ind1=" " ind2=" ">
    <subfield code="a">284: pages </subfield>
  </datafield>
  <datafield tag="942" ind1=" " ind2=" ">
    <subfield code="2">ddc</subfield>
    <subfield code="c">BK</subfield>
  </datafield>
  <datafield tag="999" ind1=" " ind2=" ">
    <subfield code="c">591560</subfield>
    <subfield code="d">591560</subfield>
  </datafield>
  <datafield tag="952" ind1=" " ind2=" ">
    <subfield code="0">0</subfield>
    <subfield code="1">0</subfield>
    <subfield code="2">ddc</subfield>
    <subfield code="4">0</subfield>
    <subfield code="7">0</subfield>
    <subfield code="a">MCS</subfield>
    <subfield code="b">MCS</subfield>
    <subfield code="c">GEN</subfield>
    <subfield code="d">2022-10-07</subfield>
    <subfield code="l">1</subfield>
    <subfield code="o">823.912,QAY</subfield>
    <subfield code="p">MCS38604</subfield>
    <subfield code="r">2023-04-12</subfield>
    <subfield code="s">2023-04-11</subfield>
    <subfield code="w">2022-10-07</subfield>
    <subfield code="y">BK</subfield>
    <subfield code="z">Almirah Fresh No.45, Shelf No.6</subfield>
  </datafield>
</record>
